Lý thuyết mô hình toán kinh tế

Uloženo v:
Podrobná bibliografie
Hlavní autor: Ts. Hoàng Đình Tuấn
Médium: Kniha
Jazyk:Vietnamese
Vydáno: Khoa học và kỹ thuật 2003
Tagy: Přidat tag
Žádné tagy, Buďte první, kdo otaguje tento záznam!
Thư viện lưu trữ: Mạng thư viện Đại học Đà Nẵng
LEADER 00650nam a2200277 4500
001 000025686
003 1245
005 20150325120000.0
008 150325s vm 000 vie
020 |c 35000,0000 
040 |a D4 
100 |a Ts. Hoàng Đình Tuấn 
245 |a Lý thuyết mô hình toán kinh tế 
260 |b Khoa học và kỹ thuật  |c 2003 
300 |a 291tr. ; 
OWN |a LTT 
999 |a From the UDN01 
TYP |a Monograph 
TYP |a Printed language 
980 |a Mạng thư viện Đại học Đà Nẵng